O santoninu iz jadranskega morskega pelina (Artemisia caerulescens L.) : porocilo o raziskovanju ; with a summary in English /S. Vodopivec, S. Sivec, G. Tomazic.

Saved in:
Bibliographic Details
Main Author: Vodopivec, S.
Other Authors: Sivec, S., Tomazic, G.
Format: Book
Language:Slovenian
Published: Ljubljana : Red. Nove proizvodnje, 1953.
Subjects:
LEADER 01179cam a2200301 a 4500
001 c000402236
003 CARM
005 20190306114214.0
008 190306s1953 yu a b 000 0 slv d
019 1 |a 25916211  |5 LACONCORD2021 
035 |a (OCoLC)224064266  |5 LACONCORD2021 
040 |a KIN  |b eng  |c VCAV 
082 0 4 |a 641.3382  |2 22 
100 1 |a Vodopivec, S. 
245 1 0 |a O santoninu iz jadranskega morskega pelina (Artemisia caerulescens L.) :  |b porocilo o raziskovanju ; with a summary in English /S. Vodopivec, S. Sivec, G. Tomazic. 
260 |a Ljubljana :  |b Red. Nove proizvodnje,  |c 1953. 
300 |a [46] p. :  |b ill. ;  |c 24 cm. 
504 |a Bibliography: p. [46] 
650 0 |a Santonin. 
650 0 |a Wormwood. 
700 1 |a Sivec, S. 
700 1 |a Tomazic, G. 
852 8 |b CARM  |i C13722  |p 0652263  |f BK 
852 8 |b SCAN  |h A3:AH13G0  |i C13722  |p 0652263  |f BK 
852 8 |b SCAN  |h A3:AH13G0  |i C13722  |p 0652263  |f BK 
999 f f |i 6aad2ec1-c04b-5614-929b-61cd3707095c  |s b69db4bf-2e85-5370-a00c-14c9742b3021 
952 f f |p Can circulate  |a CAVAL  |b CAVAL  |c CAVAL  |d CARM 1 Store  |e C13722  |h Other scheme  |i book  |m 0652263 
952 f f |a CAVAL  |b CAVAL  |c CAVAL  |d Unmapped Location  |e C13722  |f A3:AH13G0  |h Other scheme